Flow of funds in Japan, 1991

שמור ב:
מידע ביבליוגרפי
פורמט: ספר
שפה:Undetermined
יצא לאור: Tokyo 1992
נושאים:
תגים: הוספת תג
אין תגיות, היה/י הראשונ/ה לתייג את הרשומה!
Thư viện lưu trữ: Trung tâm Học liệu Trường Đại học Cần Thơ
LEADER 00385nam a2200157Ia 4500
001 CTU_97354
008 210402s9999 xx 000 0 und d
082 |a 332 
082 |b F644 
245 0 |a Flow of funds in Japan, 1991 
260 |a Tokyo 
260 |c 1992 
650 |a Finance 
650 |z Japan 
904 |i Tuyến 
980 |a Trung tâm Học liệu Trường Đại học Cần Thơ